000 00521cam a2200193ua 4500
001 6564
005 20260515114053.0
008 140510n ii |||gr||||Z||||||eng
040 _cMAIN
082 _a336.2713
245 _aAssam general sales tax :
_bact and rules /
_cBy B.P. Todi .
250 _a3rd ed.
260 _aGuwahati:
_bAshok publishing house,
_c2000.
300 _aiv,316p.
653 _aPublic finance
653 _aAssam general sales tax act and rules
700 _aTodi,B.P.,
_eAuthor.
942 _cBK
999 _c5708
_d5708